| 000 | 01848nam0a2200409 4500 | ||
|---|---|---|---|
| 001 | RU\NLR\BIBL_A\021948170 | ||
| 005 | 20230619134734.0 | ||
| 010 |
_a978-5-08-007043-3 _93000 |
||
| 021 |
_aRU _bКН-П-23-028775 _9КН-П-23-2852 |
||
| 035 | _a(NLR Aleph) 021948170 | ||
| 035 | _a(RuMoRGB)011768355 | ||
| 090 |
_a13207944 _c13207944 |
||
| 100 | _a20230526d2023 u y0rusy50 ca | ||
| 101 | 0 | _arus | |
| 102 | _aRU | ||
| 105 | _aac z 000ay | ||
| 181 | 0 |
_ai3 _baxxe |
|
| 181 | 0 |
_ab1 _bxb2e |
|
| 182 | 1 | _an | |
| 200 | 1 |
_aПриключения Одиссея _eпрозаический пересказ, введение Е. Тудоровской поэм Гомера "Илиада" и "Одиссея" _eдля среднего школьного возраста _fхудожник: В. Бритвин |
|
| 203 |
_aТекст _aИзображение _bвизуальные _cнепосредственные |
||
| 210 |
_aМосква _cДетская литература _d2023 |
||
| 215 |
_a220, [2] с. _cил., портр. _d21 |
||
| 225 | 1 | _aШкольная библиотека | |
| 333 | _a6+ | ||
| 500 | 1 | 0 |
_6z22702 _aОдиссея _92631898 _3RU\NLR\AUTH\559897 |
| 500 | 1 | 0 |
_6z23702 _7ca _aИлиада _92632025 _3RU\NLR\AUTH\5510024 |
| 686 | 0 | _aШ9(0)62-4 | |
| 702 | 0 |
_6z22500 _7ca _8rus _aГомер _9119815 _3RU\NLR\AUTH\7710030 |
|
| 702 | 0 |
_6z23500 _7ca _8rus _aГомер _9119815 _3RU\NLR\AUTH\7710030 |
|
| 702 | 1 |
_4570 _7ca _8rus _aТудоровская _bЕ. А. _f1904-1986 _gЕлена Александровна _9124069 _3RU\NLR\AUTH\7714396 |
|
| 702 | 1 |
_4440 _7ca _8rus _aБритвин _bВ. Г. _cхудожник _f1955-2023 _gВиктор Глебович _938384 _3RU\NLR\AUTH\7755452 |
|
| 942 | _cBOOK | ||
| 980 | _aNB | ||